College Quizbowl Stats
College Quizbowl Stats
Circuits
Seasons
Sets
Records
Detailed Stats
About
Loading...
2024 Booster Shot (Columbia)
Tossups
Bonuses
Players
Teams
Categories (Tossup)
Categories (Bonus)
Shea Rathburn
Columbia C
Categories
Category
Powers
Gets
Negs
BBs
Points
Earliest Buzz
Avg. Buzz
First Buzzes
Top 3 Buzzes
Fine Arts - Other Fine Arts
0
1
0
0
10
92
92.00
0
1
Literature - American Literature
0
1
0
0
10
135
135.00
0
0
Philosophy
0
1
0
0
10
126
126.00
0
1
Science - Biology
0
1
0
1
10
130
130.00
0
0
Science - Chemistry
0
0
0
0
0
0.00
0
0
Buzzes
Category
Answer
Value
Buzz Position
Fine Arts - Other Fine Arts
Klein
10
92
Science - Chemistry
esters
0
122
Philosophy
meaning
10
126
Science - Biology
skin
10
130
Literature - American Literature
post-apocalyptic fiction
10
135
Previous
1
Next